[Event "Bad Woerishofen op 17th"]
[Site "Bad Woerishofen"]
[Date "2001.??.??"]
[Round "9"]
[White "Muraziu, Nicky"]
[Black "Dobierzin, Olaf"]
[Result "0-1"]
[WhiteElo "1997"]
[BlackElo "2163"]
[PlyCount "40"]
[EventDate "2001.03.15"]
[EventType "swiss"]
[EventRounds "9"]
[EventCountry "GER"]
[SourceTitle "CBM 081 Extra"]
[Source "ChessBase"]
[SourceDate "2001.05.06"]
[SourceVersion "1"]
[SourceVersionDate "2001.05.06"]
[SourceQuality "1"]

1. e4 c5 2. Nf3 Nc6 3. Bb5 g6 4. 0-0 Bg7 5. Nc3 e6 6. Bxc6 bxc6 7. e5 f6 8. d4 cxd4 9. Qxd4 fxe5 10. Qd6 Ne7 11. g4 0-0 12. Kg2 Nd5 13. Nxd5 exd5 14. Nxe5 Re8 15. Nf3 Ba6 16. Rh1 Be2 17. h4 Re4 18. Bg5 Qe8 19. Qg3 Qe6 20. Bf4 Bxf3+ 0-1

[Event "Bad Woerishofen op 17th"]
[Site "Bad Woerishofen"]
[Date "2001.??.??"]
[Round "7"]
[White "Muraziu, Nicky"]
[Black "Schmidt, Ruediger"]
[Result "1-0"]
[WhiteElo "1997"]
[BlackElo "2151"]
[PlyCount "81"]
[EventDate "2001.03.15"]
[EventType "swiss"]
[EventRounds "9"]
[EventCountry "GER"]
[SourceTitle "CBM 081 Extra"]
[Source "ChessBase"]
[SourceDate "2001.05.06"]
[SourceVersion "1"]
[SourceVersionDate "2001.05.06"]
[SourceQuality "1"]

1. e4 e6 2. Qe2 c5 3. Nf3 Nc6 4. c3 d5 5. d3 b6 6. Bf4 Ba6 7. e5 h6 8. h4 g6 9. Qc2 Nge7 10. Na3 Bg7 11. Qa4 Qc8 12. Nb5 Bxb5 13. Qxb5 Rb8 14. d4 c4 15. b4 0-0 16. Qa4 b5 17. Qc2 a5 18. a3 Ra8 19. Rb1 axb4 20. axb4 Ra4 21. Be2 Qa6 22. h5 Ra2 23. Qc1 Ra8 24. hxg6 Nxg6 25. Bxh6 Bh8 26. Bd1 Qa3 27. Qe3 Ra1 28. Bc2 Nce7 29. Bg5 Qb2 30. Kd2 Rxb1 31. Rxb1 Qa2 32. Bxe7 Nxe7 33. Qg5+ Kf8 34. Rh1 Bg7 35. Rh7 Nf5 36. g4 f6 37. exf6 Bh6 38. gxf5 Bxg5+ 39. Nxg5 Ke8 40. fxe6 Kd8 41. Rd7+ 1-0